Kabale University Library Catalogue

Polyarchy; participation and opposition / (Record no. 6174)

MARC details
000 -LEADER
fixed length control field 00688cam a2200205 4500
005 - DATE AND TIME OF LATEST TRANSACTION
control field 20260311175521.0
008 - FIXED-LENGTH DATA ELEMENTS--GENERAL INFORMATION
fixed length control field 710702s1971 ctu b 001 0 eng
020 ## - INTERNATIONAL STANDARD BOOK NUMBER
International Standard Book Number 0300013914
Qualifying information (cloth)
020 ## - INTERNATIONAL STANDARD BOOK NUMBER
International Standard Book Number 0300015658
Qualifying information (paper)
040 ## - CATALOGING SOURCE
Original cataloging agency KABLIB
Transcribing agency KABLIB
Description conventions rda
082 00 - DEWEY DECIMAL CLASSIFICATION NUMBER
Classification number 323.042
Edition number 23
Item number DAH
100 1# - MAIN ENTRY--PERSONAL NAME
Personal name Dahl, Robert A.,
Dates associated with a name 1915-2014.
9 (RLIN) 15250
245 10 - TITLE STATEMENT
Title Polyarchy; participation and opposition /
Statement of responsibility, etc. Robert A. Dahl.
260 ## - PUBLICATION, DISTRIBUTION, ETC.
Place of publication, distribution, etc. New Haven,
Name of publisher, distributor, etc. Yale University Press,
Date of publication, distribution, etc. c1971.
300 ## - PHYSICAL DESCRIPTION
Extent ix, 257 p. :
Other physical details ill. ;
Dimensions 21 cm.
504 ## - BIBLIOGRAPHY, ETC. NOTE
Bibliography, etc. note Includes bibliographical references.
650 #0 - SUBJECT ADDED ENTRY--TOPICAL TERM
Topical term or geographic name entry element Opposition (Political science)
9 (RLIN) 15693
650 #0 - SUBJECT ADDED ENTRY--TOPICAL TERM
Topical term or geographic name entry element Political participation.
9 (RLIN) 10148
942 ## - ADDED ENTRY ELEMENTS (KOHA)
Source of classification or shelving scheme Dewey Decimal Classification
Koha item type Book
Holdings
Withdrawn status Lost status Source of classification or shelving scheme Damaged status Not for loan Home library Current library Shelving location Date acquired Source of acquisition Total Checkouts Full call number Barcode Date last seen Price effective from Koha item type
    Dewey Decimal Classification     Mukombe Library Mukombe Library Open Access Section 11.03.2026 Donated   323.042 DAH 14602 11.03.2026 11.03.2026 Book

Kabale University Library | Kabale University P.O Box 317, Kabale, Uganda
Tel : +256754017033, +256774661503 E-mail : library@kab.ac.ug